| 000 | 00529nam a22001937a 4500 | ||
|---|---|---|---|
| 999 |
_c6417 _d6417 |
||
| 003 | OSt | ||
| 005 | 20200108154620.0 | ||
| 008 | 200108b ||||| |||| 00| 0 eng d | ||
| 020 | _a0521570956 | ||
| 040 | _cDDC | ||
| 082 | _a511.8 GER 1999 | ||
| 100 |
_aGershenfeld, Neil _913160 |
||
| 245 | _aThe Nature of Mathematical Modeling | ||
| 260 |
_aCambridge University Press, _c1999 |
||
| 300 |
_axii,344p; _bIll: _c25cm |
||
| 504 | _aBibliography, & index included | ||
| 650 |
_aMathematical modeling _913161 |
||
| 942 |
_2z _cO_SHELF |
||